March Madness Winners - Statistics

General Stats
  • This quiz has been taken 60 times
    22 since last reset
  • The average score is 60 of 87
Answer Stats
Year Team % Correct
2026 Michigan
100%
1989 Michigan
100%
2015 Duke
94%
2010 Duke
94%
2001 Duke
94%
1992 Duke
94%
1991 Duke
94%
2025 Florida
94%
2007 Florida
94%
2006 Florida
94%
2024 UConn
94%
2023 Uconn
94%
2014 UConn
94%
2011 UConn
94%
2004 UConn
94%
1999 UConn
94%
2022 Kansas
88%
2008 Kansas
88%
1988 Kansas
88%
1952 Kansas
88%
2000 Michigan State
88%
1979 Michigan State
88%
2017 North Carolina
88%
2009 North Carolina
88%
2005 North Carolina
88%
1993 North Carolina
88%
1982 North Carolina
88%
1957 North Carolina
88%
1995 UCLA
88%
1975 UCLA
88%
1973 UCLA
88%
1972 UCLA
88%
1971 UCLA
88%
1970 UCLA
88%
1969 UCLA
88%
1968 UCLA
88%
1967 UCLA
88%
1965 UCLA
88%
1964 UCLA
88%
1997 Arizona
81%
2012 Kentucky
81%
1998 Kentucky
81%
1996 Kentucky
81%
1978 Kentucky
81%
1958 Kentucky
81%
1951 Kentucky
81%
1949 Kentucky
81%
1948 Kentucky
81%
2018 Villanova
81%
2016 Villanova
81%
1985 Villanova
81%
2021 Baylor
75%
2019 Virginia
75%
1960 Ohio State
63%
2003 Syracuse
63%
2013 Louisville
56%
1986 Louisville
56%
1980 Louisville
56%
2002 Maryland
56%
1939 Oregon
56%
1990 UNLV
56%
1987 Indiana
50%
1981 Indiana
50%
1976 Indiana
50%
1953 Indiana
50%
1940 Indiana
50%
1944 Utah
44%
1994 Arkansas
38%
1959 California
38%
1963 Loyola
38%
1983 North Carolina State
38%
1974 North Carolina State
38%
1942 Stanford
38%
1941 Wisconsin
38%
1943 Wyoming
38%
1984 Georgetown
31%
1956 San Francisco
31%
1955 San Francisco
31%
1954 La Salle
25%
1966 UTEP
25%
1950 CCNY
19%
1962 Cincinatti
19%
1961 Cincinatti
19%
1977 Marquette
19%
1946 Oklahoma State
19%
1945 Oklahoma State
19%
1947 Holy Cross
13%
No matching quizzes found
Score Distribution
Percent of People with Each Score
Percentile by Number Answered
Your Score History
You have not taken this quiz since the last reset